000 00342 a2200157 4500
001 60526
020 _a
040 _cAnchieta - Pituba
100 _aD´Ávila, Teresa
240 1 0 _aQuando o coração reza
_lpor
245 1 0 _aQuando o coração reza
300 _a147
362 0 _a1985
650 4 _aLiteratura devocional
942 _cBK
999 _c60526
_d60526